01245nam a2200337 c 450000100060000000300100000600500170001600700030003300800410003602000180007704000350009504100080013004300120013808400060015010000350015624501000019125000230029126400420031430000540035633600270041033700330043733800280047049000340049849000830053252100580061554500610067365000570073465000360079165000390082765000410086660780CO-BoRNBP20260318132105.0ta221201s2022 ck a ar 000 p spa d a9789585302365 aCO-BoRNBPbspaerdacCO-BoRNBP0 aspa as-ck--- aP1 aCarvajal, Lizardo,d1979-eaut14aLos ingeniosos mecanismos de Jerónimo Della Testa /ctextos e ilustraciones Lizardo Carvajal. aEdición especial 1aBogotá, Colombia :bLuaBooks,c2022 a37 páginas sin numerar :bilustraciones a color atextobtxt2rdacontent asin mediaciónbn2rdamedia avolumenbnc2rdacarrier0 aColección Juego de palabras0 aPlan Nacional de Lectura y Escritura Leer es mi Cuento / Ministerio de Cultura aRecomendado para público infantil mayor de 6 años aIncluye datos biográficos del autor al final del texto17aConservación de los bosques en la literatura2rnbp07aInventos en la literatura2rnbp17aPoesía infantil colombiana2rnbp17aLiteratura infantil colombiana2rnbp